| 000 | 00834nam a22002417a 4500 | ||
|---|---|---|---|
| 999 |
_c1657 _d1657 |
||
| 003 | AR-CdUCM | ||
| 008 | 190227b ||||| |||| 00| 0 spa d | ||
| 040 |
_aMUNICIPALIDAD PROVINCIAL DEL CUSCO _cBIBLIOTECA MUNICIPAL DEL CUSCO |
||
| 082 |
_25ed. _a860/ _bM15 |
||
| 100 |
_aMaella, Eduardo _96167 |
||
| 245 | _aHistoria de una pasión argentina | ||
| 260 |
_aBuenos Aires; _bEspasa-Calpe Argentina, _c1951. |
||
| 300 |
_a172 páginas ; _c18 cm. |
||
| 440 |
_aColección Austral. _9172 |
||
| 505 | _aEl atlántico - La metrópoli - La Argentina Visible - El País Invisible - El desprecio... | ||
| 650 |
_aLiteratura Argentina. _984 |
||
| 650 |
_aNovela. _95 |
||
| 650 |
_aVicente Lopez. _96168 |
||
| 650 |
_aCostumbrismo. _95621 |
||
| 650 |
_aLiteratura latino-americana. _96169 |
||
| 942 |
_2ddc _cLIBROS |
||
| 945 |
_admma _d2019-02-27 |
||